Trial by light (Record no. 76684)
[ view plain ]
| 000 -LEADER | |
|---|---|
| fixed length control field | 00972cab a2200181 4500 |
| 001 - CONTROL NUMBER | |
| control field | ##L132907 |
| 008 - FIXED-LENGTH DATA ELEMENTS--GENERAL INFORMATION | |
| fixed length control field | 060322n2006 000 0 eng u |
| 035 ## - SYSTEM CONTROL NUMBER | |
| System control number | (Sirsi) u132907 |
| 041 0# - LANGUAGE CODE | |
| Language code of text/sound track or separate title | eng |
| 100 1# - MAIN ENTRY--PERSONAL NAME | |
| Personal name | Munzinger, Monika |
| 245 00 - TITLE STATEMENT | |
| Title | Trial by light |
| 260 ## - PUBLICATION, DISTRIBUTION, ETC. | |
| Date of publication, distribution, etc. | 2006 |
| 490 #0 - SERIES STATEMENT | |
| Series statement | RICS Building Surveying Faculty The Journal |
| Volume/sequential designation | March / April 2006, 13(1) |
| 520 ## - SUMMARY, ETC. | |
| Summary, etc. | Looks at the preliminary results of the UK Photovoltaic Domestic Field Trial, which examined the buildability, operating performance, reliability and maintenance of domestic PV constructions. The results show that good communication and coordination between PV installers and other trades are vital, and that handover documentation must cover all key areas, particularly safety. A number of compliance issues are highlighted by the report, which also reveals that costs vary considerably between sites. |
| 590 ## - LOCAL NOTE (RLIN) | |
| Local note | IKA280306 |
| 690 ## - LOCAL SUBJECT ADDED ENTRY--TOPICAL TERM (OCLC, RLIN) | |
| Topical term or geographic name as entry element | BUILT ENVIRONMENT-CONSTRUCTION DESIGN |
| 942 ## - ADDED ENTRY ELEMENTS (KOHA) | |
| Suppress in OPAC | 0 |
| Withdrawn status | Lost status | Source of classification or shelving scheme | Damaged status | Not for loan | Home library | Current library | Shelving location | Date acquired | Total Checkouts | Full call number | Barcode | Date last seen | Copy number | Price effective from | Koha item type |
|---|---|---|---|---|---|---|---|---|---|---|---|---|---|---|---|
| Dewey Decimal Classification | London | London | Journal article | 22/03/2006 | L132907 | 132907-1001 | 06/08/2019 | 1 | 06/08/2019 | Journal article |